[Event "Challenge"]
[Site "http://www.queenalice.com/game.php?id=1278991"]
[Date "2014.5.5"]
[Round "-"]
[White "camiloneto"]
[Black "tony10"]
[Result "1-0"]
[WhiteElo "1600"]
[BlackElo "1272"]

1. e4 Nf6 2. e5 Nd5 3. Qf3 e6 4. d4 Nc6 5. Bb5 Nxd4 6. Qd3 Nxb5 7. Qxb5 c6 8.
Qe2 Bb4+ 9. c3 Nf4 10. Qg4 Nd3+ 11. Kd2 Nxf2 12. Qxg7 Ke7 13. cxb4 Rg8 14. Qxh7
Rxg2 15. Ke1 Nxh1 16. Kf1 Qg8 17. Qxg8 Rxg8 18. Nf3 b6 19. Bg5+ Ke8 20. Nbd2
Ba6+ 21. Kg2 Be2 22. h4 d6 23. Rxh1 Rd8 24. Kf2 Bxf3 25. Bxd8 Bxh1 26. Bg5 dxe5
27. Ne4 Bxe4 28. Bf6 c5 29. bxc5 bxc5 30. Bxe5 Ke7 31. Ke3 Rg4 32. h5 Rh4 33. h6
Bd5 34. Bf4 Bxa2 35. Bg5+ f6 36. Bxh4 Bb1 37. Kf4 c4 38. Kg4 a5 39. Kh5 a4 40.
Bf2 Kf7 41. Bd4 e5 42. Bc3 Bg6+ 43. Kg4 Kg8 44. Bd2 Kh7 45. Kf3 e4+ 46. Ke3 Kxh6
47. Kd4+ Kh5 48. Kxc4 Kg4 49. Kb4 Kf3 50. Kxa4 Ke2 51. Bh6 f5 52. b4 e3 53. b5
Be8 54. Ka5 Bxb5 55. Kxb5 Kf2 56. Kc4 e2 57. Bd2 f4 58. Kd3 f3 59. Ke4 Kg3 60.
Bf4+ Kg2 61. Bd2 f2 62. Ke3 f1=Q 63. Kd3 Qd1 64. Ke3 Kg3 65. Bc3 Kg4 66. Kf2 Kf4
67. Be1 Ke4 68. Bc3 Kd3 69. Ba5 Kc2 70. Bb4 Kd3 71. Be1 Kc2 72. Ba5 1-0

[Event "Challenge"]
[Site "http://www.queenalice.com/game.php?id=1279071"]
[Date "2014.5.5"]
[Round "-"]
[White "JCOELHO"]
[Black "tony10"]
[Result "1-0"]
[WhiteElo "2120"]
[BlackElo "1244"]

1. e4 Nf6 2. Nc3 Nc6 3. d4 e5 4. dxe5 Nxe5 5. Nf3 Bb4 6. Bd2 Bxc3 7. Bxc3 d6 8.
Nxe5 Nxe4 9. Qf3 f6 10. Qxe4 dxe5 11. f4 O-O 12. Bd3 exf4 13. Qxf4 1-0

[Event "Challenge"]
[Site "http://www.queenalice.com/game.php?id=1279072"]
[Date "2014.5.5"]
[Round "-"]
[White "tony10"]
[Black "JCOELHO"]
[Result "0-1"]
[WhiteElo "1244"]
[BlackElo "2119"]

1. e4 e5 2. Nf3 Nc6 3. Nc3 Bb4 4. Nb5 a6 5. Nc3 Nf6 6. Nd5 Nxe4 7. Bd3 Nf6 8.
O-O e4 9. Nxf6+ Qxf6 10. Bxe4 O-O 11. d4 Re8 12. b3 Bc3 0-1

[Event "Challenge"]
[Site "http://www.queenalice.com/game.php?id=1279218"]
[Date "2014.5.5"]
[Round "-"]
[White "kacper0704"]
[Black "tony10"]
[Result "1-0"]
[WhiteElo "1100"]
[BlackElo "1275"]

1. e4 e5 2. Nf3 Nc6 3. Bc4 Nf6 4. Ng5 Qe7 5. b3 d6 6. Ba3 g6 7. O-O Be6 8. Bxe6
fxe6 9. Nc3 Bh6 10. Nf3 O-O-O 11. Rb1 Ng4 12. b4 Qf6 13. h3 Bf4 14. g3 h5 15.
Ne2 Nd4 16. Nfxd4 exd4 17. Nxf4 Rh6 18. Bb2 Rdh8 19. Ne2 h4 20. Bxd4 Qf3 21.
Bxh8 Rxh8 22. Rb3 Qxe4 23. f3 Qd5 24. fxg4 Qe5 25. Kh2 d5 26. d4 Qd6 27. Nf4 e5
28. dxe5 hxg3+ 29. Rxg3 Qxb4 30. Nxd5 Qc5 31. Re1 Qf8 32. e6 Qf2+ 33. Rg2 Qh4
34. Rg3 Qd8 35. c4 c6 36. e7 Qd7 37. Nf6 Qxd1 38. Rxd1 b5 39. e8=Q+ Rxe8 40.
Nxe8 b4 41. Nd6+ Kc7 42. c5 a5 43. a3 b3 44. Rxb3 a4 45. Rb4 Kd7 46. Rxa4 Ke6
47. Ra6 Ke5 48. Rxc6 Kf4 49. Nc4 g5 50. Re1 Kf3 51. Rf6# 1-0

[Event "Challenge"]
[Site "http://www.queenalice.com/game.php?id=1279532"]
[Date "2014.5.6"]
[Round "-"]
[White "tony10"]
[Black "gabi223"]
[Result "1-0"]
[WhiteElo "1237"]
[BlackElo "1213"]

1. e4 c5 2. Nc3 Nc6 3. Nf3 Nf6 4. Bc4 b6 5. Ng5 e6 6. d3 Bd6 7. Qf3 Bb7 8. O-O
Qc7 9. Be3 Bxh2+ 10. Kh1 Qe5 11. g3 h6 12. Nb5 hxg5 13. Kg2 g4 14. Qf4 Qxb2 15.
Qg5 1-0

[Event "OS INCLIVEIS"]
[Site "http://www.queenalice.com/game.php?id=1279672"]
[Date "2014.5.7"]
[Round "-"]
[White "adelio"]
[Black "tony10"]
[Result "1-0"]
[WhiteElo "1772"]
[BlackElo "1100"]

1. d4 Nf6 2. c4 d5 3. Nc3 e6 4. a3 g6 5. Nf3 Nc6 6. Ng5 Qd7 7. e4 h6 8. e5 dxc4
9. Nxf7 Qxf7 10. exf6 Qxf6 11. Be3 e5 12. Nd5 exd4 13. Nxf6+ Ke7 14. Nd5+ Ke8
15. Nxc7+ Kd8 16. Nxa8 Bc5 17. Bxc4 Re8 18. O-O Re4 19. Bxh6 b5 20. Bg5+ Be7 21.
Bxe7+ Rxe7 22. Bxb5 1-0

[Event "OS INCLIVEIS"]
[Site "http://www.queenalice.com/game.php?id=1279673"]
[Date "2014.5.7"]
[Round "-"]
[White "tony10"]
[Black "adelio"]
[Result "0-1"]
[WhiteElo "1272"]
[BlackElo "1757"]

1. d4 d5 2. Nc3 e6 3. Nf3 f6 4. e4 Bb4 5. e5 g6 6. a3 Bxc3+ 7. bxc3 h6 8. Bd3
Kf7 9. O-O Nd7 10. Nh4 f5 11. g3 h5 12. a4 Nh6 13. Bf4 Nf8 14. Qd2 Kg7 15. Bg5
Qd7 16. Bf6+ Kg8 17. Bxh8 Kxh8 18. Qxh6+ Kg8 19. Qg5 Qg7 20. f3 Bd7 21. g4 Nh7
22. Nxg6 Nxg5 23. gxh5 Be8 24. Nf4 Nh3+ 25. Kh1 Nxf4 26. Rg1 Nxh5 27. Rxg7+ Kxg7
28. Rg1+ Kh7 29. c4 Bxa4 30. cxd5 Bd7 31. Bc4 b5 32. Bd3 exd5 33. Rg5 Kh6 34. h4
Rf8 35. Kg2 Nf4+ 36. Kg3 Nxd3 37. f4 Nxf4 38. Kxf4 Be8 39. e6 Bg6 40. e7 Re8 41.
Ke5 Rxe7+ 42. Kf6 Rf7+ 43. Ke5 c6 44. Kd6 f4 45. Kxc6 Bxc2 46. Kxb5 f3 47. Rg1
f2 48. Kc5 fxg1=Q 49. Kxd5 Qe1 50. h5 Rd7+ 51. Kc4 Qe3 52. Kb4 Qxd4+ 53. Ka3 Rb7
54. Ka2 Qb2# 0-1

[Event "AUTO-OPEN-3249"]
[Site "http://www.queenalice.com/game.php?id=1279777"]
[Date "2014.5.7"]
[Round "1"]
[White "juim"]
[Black "tony10"]
[Result "1-0"]
[WhiteElo "1584"]
[BlackElo "1267"]

1. e4 e5 2. d4 d5 3. dxe5 dxe4 4. Qxd8+ Kxd8 5. h3 Nc6 6. Bf4 Be6 7. g4 f6 8.
exf6 Nxf6 9. Nc3 Nb4 10. O-O-O+ Bd5 11. a3 Bd6 12. Bxd6 cxd6 13. axb4 Rc8 14.
Nxd5 Rc6 15. Bg2 Re8 16. b5 Rc5 17. Nxf6 Ree5 18. Nxh7 Rxb5 19. b3 Kc7 20. Ne2
Rec5 21. Nd4 Re5 22. Nxb5+ Rxb5 23. Bxe4 1-0

[Event "AUTO-OPEN-3249"]
[Site "http://www.queenalice.com/game.php?id=1279778"]
[Date "2014.5.7"]
[Round "1"]
[White "tony10"]
[Black "juim"]
[Result "0-1"]
[WhiteElo "1262"]
[BlackElo "1587"]

1. e4 d5 2. Nc3 dxe4 3. Nxe4 Bf5 4. Qf3 Bxe4 5. Qxe4 c6 6. Nf3 Nd7 7. Bc4 Ndf6
8. Qe5 Qd6 9. O-O Nh6 10. Re1 Qxe5 11. Nxe5 e6 12. d3 Bd6 13. Re3 Bxe5 14. Rxe5
O-O-O 15. Bf4 Nf5 16. Rae1 Nh5 17. g4 Nxf4 18. gxf5 f6 19. R5e4 e5 20. Rd1 g6
21. Be6+ Kb8 22. Rb4 Nxe6 23. fxe6 Rd6 0-1

[Event "AUTO-OPEN-3249"]
[Site "http://www.queenalice.com/game.php?id=1279799"]
[Date "2014.5.7"]
[Round "1"]
[White "tony10"]
[Black "Thanasis"]
[Result "0-1"]
[WhiteElo "1248"]
[BlackElo "1659"]

1. Nc3 d5 2. d4 Nc6 3. Nf3 f6 4. e4 e6 5. Bb5 Bd7 6. b3 Bb4 7. Qd3 dxe4 8. Qe3
Nge7 9. Bd2 exf3 10. Qxf3 Nxd4 11. Qd3 c5 12. O-O Nd5 13. Rfe1 Bxc3 14. Bxc3
Bxb5 15. Qe4 Nxc3 16. Qxb7 O-O 17. Re3 Nce2+ 18. Kf1 Ng3+ 19. Ke1 Nxc2# 0-1

[Event "AUTO-OPEN-3249"]
[Site "http://www.queenalice.com/game.php?id=1279800"]
[Date "2014.5.7"]
[Round "1"]
[White "Thanasis"]
[Black "tony10"]
[Result "1-0"]
[WhiteElo "1420"]
[BlackElo "1227"]

1. d4 d5 2. c4 Nf6 3. Nc3 e6 4. Bg5 Nc6 5. e3 Bb4 6. Bd3 h6 7. Bh4 dxc4 8. Bxc4
g5 9. Bg3 O-O 10. Ne2 Bxc3+ 11. Nxc3 Ng4 12. O-O Qf6 13. Bxc7 Bd7 14. Qxg4 e5
15. Ne4 Qf5 16. Qxf5 Bxf5 17. Nd6 Be6 18. Bxe6 fxe6 19. Nxb7 exd4 20. exd4 Rf7
21. Nc5 Nxd4 22. Be5 Rc8 23. Bxd4 e5 24. Be3 1-0

[Event "AUTO-OPEN-3249"]
[Site "http://www.queenalice.com/game.php?id=1279801"]
[Date "2014.5.7"]
[Round "1"]
[White "tony10"]
[Black "vivafischer"]
[Result "0-1"]
[WhiteElo "1100"]
[BlackElo "2084"]

1. Nf3 e6 2. e4 d5 3. Nc3 Nf6 4. Bd3 c5 5. O-O c4 6. e5 Nfd7 7. Be2 Nc6 8. d4
cxd3 9. Bxd3 Ndxe5 10. Bf4 Bd6 11. Ng5 Nxd3 12. Qh5 g6 13. Qg4 Nxf4 14. Rfe1 h5
15. Qh4 Nd4 16. Rac1 Nf5 17. g4 Nxh4 18. Re3 Qxg5 19. f3 Nh3+ 20. Kh1 Qxe3 21.
Rd1 Qg1+ 22. Rxg1 Nf2# 0-1

[Event "AUTO-OPEN-3249"]
[Site "http://www.queenalice.com/game.php?id=1279802"]
[Date "2014.5.7"]
[Round "1"]
[White "vivafischer"]
[Black "tony10"]
[Result "1-0"]
[WhiteElo "2075"]
[BlackElo "1260"]

1. d4 d5 2. c4 Nf6 3. Nc3 e6 4. cxd5 exd5 5. Bg5 Bb4 6. e3 O-O 7. Bd3 Qd6 8. Bf4
Qe6 9. Nf3 Nc6 10. O-O Bd6 11. Bxd6 Qxd6 12. h3 Re8 13. Nb5 Qd7 14. Rc1 Re6 15.
Ne5 Nxe5 16. dxe5 Rxe5 17. Rxc7 Qe6 18. Rc3 Rg5 19. Qf3 Nh5 20. Nc7 Qg6 21. Nxa8
Qe6 22. Rfc1 Bd7 23. Nc7 Qe5 24. Nxd5 Bc6 25. Qe4 Bxd5 26. Rc8+ Qe8 27. Rxe8#
1-0

[Event "AUTO-BEG-608"]
[Site "http://www.queenalice.com/game.php?id=1280424"]
[Date "2014.5.9"]
[Round "1"]
[White "tony10"]
[Black "Poison"]
[Result "0-1"]
[WhiteElo "1272"]
[BlackElo "1360"]

1. e4 c5 2. Nf3 d6 3. Nc3 Nf6 4. Bc4 e6 5. O-O Be7 6. d3 Nc6 7. d4 d5 8. exd5
exd5 9. Bg5 dxc4 10. Qe2 cxd4 11. Rad1 O-O 12. Ne4 Nxe4 13. Qxe4 Bxg5 14. h4 Re8
15. Rxd4 Rxe4 16. Rxe4 Bf6 17. Rfe1 Bf5 18. Rxc4 Nd4 19. Nxd4 Bxd4 20. Rd1 Bxf2+
21. Kxf2 Qxd1 22. b4 Re8 23. Kg3 Re2 24. Kf4 Qf1+ 25. Kg5 Rxg2+ 26. Kh5 Bg6# 0-1

[Event "AUTO-BEG-608"]
[Site "http://www.queenalice.com/game.php?id=1280425"]
[Date "2014.5.9"]
[Round "1"]
[White "Poison"]
[Black "tony10"]
[Result "1-0"]
[WhiteElo "1274"]
[BlackElo "1337"]

1. e4 e5 2. Nf3 Nc6 3. Bc4 Nf6 4. d3 Qe7 5. Nc3 Qc5 6. O-O d6 7. Be3 Qa5 8. Bd2
Qb4 9. Nb5 Qxb2 10. Nxc7+ Kd7 11. Nxa8 b6 12. a3 Bb7 13. Ra2 Qxa2 14. Nxb6+ axb6
15. Bxa2 d5 16. exd5 e4 17. dxc6+ Bxc6 18. Ne5+ Kd6 19. Nxf7+ Ke7 20. Qa1 Bd5
21. Qe5+ Kxf7 22. Bxd5+ Kg6 23. Qg5# 1-0

[Event "AUTO-BEG-608"]
[Site "http://www.queenalice.com/game.php?id=1280426"]
[Date "2014.5.9"]
[Round "1"]
[White "tony10"]
[Black "NetoJA"]
[Result "1-0"]
[WhiteElo "1223"]
[BlackElo "1131"]

1. e4 e5 2. Nc3 Nf6 3. Nf3 Nc6 4. Bc4 Bc5 5. O-O O-O 6. d3 Re8 7. Ng5 d5 8. exd5
Na5 9. Nce4 Nxc4 10. dxc4 Nxe4 11. Nxe4 Bd6 12. f4 exf4 13. Bxf4 Rxe4 14. Bg3
Qg5 15. Qf3 Rxc4 16. Rfe1 Rxc2 17. Re8+ Bf8 18. Qe4 Rc1+ 19. Rxc1 Qxc1+ 20. Be1
Qxb2 21. Qe7 Qb6+ 22. Bf2 Qd6 23. Rxf8# 1-0

[Event "AUTO-BEG-608"]
[Site "http://www.queenalice.com/game.php?id=1280427"]
[Date "2014.5.9"]
[Round "1"]
[White "NetoJA"]
[Black "tony10"]
[Result "0-1"]
[WhiteElo "955"]
[BlackElo "1260"]

1. e4 e5 2. Nf3 b6 3. Nxe5 d6 4. Nf3 Bb7 5. Nc3 Nf6 6. Ne5 dxe5 7. Bc4 Bc5 8.
O-O Bxe4 9. d3 Bf5 10. Re1 O-O 11. Rxe5 Ng4 0-1

[Event "Challenge"]
[Site "http://www.queenalice.com/game.php?id=1283709"]
[Date "2014.5.24"]
[Round "-"]
[White "tony10"]
[Black "Julsoulp2"]
[Result "1-0"]
[WhiteElo "1248"]
[BlackElo "1176"]

1. e4 e5 2. Nf3 Nc6 3. Bc4 Nf6 4. Nc3 d5 5. exd5 Nd4 6. O-O Nxf3+ 7. Qxf3 Bg4 8.
Qe3 Nxd5 9. Bxd5 Qg5 10. Qxg5 Bd7 11. Qxe5+ 1-0

[Event "Challenge"]
[Site "http://www.queenalice.com/game.php?id=1284053"]
[Date "2014.5.26"]
[Round "-"]
[White "tony10"]
[Black "Vladimir"]
[Result "0-1"]
[WhiteElo "1258"]
[BlackElo "1874"]

1. e4 e5 2. Nf3 Nf6 3. Nc3 Bb4 4. Bc4 Nc6 5. O-O Bxc3 6. dxc3 h6 7. Qe2 d6 8. b3
Bg4 9. Bd5 Qd7 10. h3 Bh5 11. Bb2 O-O 12. Qe3 Rfe8 13. Rfe1 Nxd5 0-1

[Event "Let's Play Chess!"]
[Site "http://www.queenalice.com/game.php?id=1285146"]
[Date "2014.5.31"]
[Round "-"]
[White "tony10"]
[Black "amgoncal"]
[Result "0-1"]
[WhiteElo "1244"]
[BlackElo "1431"]

1. e4 e5 2. Nc3 c5 3. Nf3 Nc6 4. Bc4 a6 5. O-O b5 6. Bd5 Bb7 7. Ng5 f6 8. Bf7+
Ke7 9. Qh5 Nh6 10. Nd5+ Kd6 11. d4 cxd4 0-1

[Event "Let's Play Chess!"]
[Site "http://www.queenalice.com/game.php?id=1285147"]
[Date "2014.5.31"]
[Round "-"]
[White "tony10"]
[Black "amgoncal"]
[Result "0-1"]
[WhiteElo "1235"]
[BlackElo "1440"]

1. e4 e5 2. Nf3 Nc6 3. Bc4 a6 4. O-O Nd4 5. Nxe5 b5 6. Nxf7 Ke7 7. Nxd8 Kxd8 8.
Nc3 bxc4 9. b3 cxb3 10. Qg4 d6 0-1